La question de l'or (Record no. 157651)

MARC details
000 -LEADER
campo de control de longitud fija 00893nam a2200205 i 4500
001 - NÚMERO DE CONTROL
campo de control 157651
003 - IDENTIFICADOR DE NÚMERO DE CONTROL
campo de control ES-MaACL
005 - FECHA Y HORA DE LA ÚLTIMA TRANSACCIÓN
campo de control 20230906210801.0
008 - DATOS DE LONGITUD FIJA--INFORMACIÓN GENERAL
campo de control de longitud fija 981214s1858 fr |||| | fre d
040 ## - FUENTE DE CATALOGACIÓN
Centro catalogador/agencia de origen CCPB | B
Lengua de catalogación spa
Centro/agencia transcriptor CCPB | B
100 0# - ENTRADA PRINCIPAL--NOMBRE DE PERSONA
Nombre de persona Levasseur, Emile.
9 (RLIN) 71915
245 13 - MENCIÓN DEL TÍTULO
Título La question de l'or
Resto del título : les mines de Californie et d'Australie : les anciennes mines d'or et d'argent : leur production : la distribution et l'emploi des métaux précieux : l'influence des nouvelles mines d'or sur la société : leur avenir : les problèmes qu'elles soulèvent : les réformes qu'elles provoquent /
Mención de responsabilidad, etc. par E. Levasseur.
260 ## - PUBLICACIÓN, DISTRIBUCIÓN, ETC.
Lugar de publicación, distribución, etc. Paris :
Nombre del editor, distribuidor, etc. Librairie de Guillaumin et Cie,
Fecha de publicación, distribución, etc. 1858.
300 ## - DESCRIPCIÓN FÍSICA
Extensión VII, 357 p. ;
Dimensiones 23 cm.
597 ## - NOTA DE DESCRIPCIÓN FÍSICA
NOTA DE DESCRIPCIÓN FÍSICA Antep.
650 #4 - PUNTO DE ACCESO ADICIONAL DE MATERIA--TÉRMINO DE MATERIA
Término de materia o nombre geográfico como elemento de entrada Oro.
9 (RLIN) 136638
650 #4 - PUNTO DE ACCESO ADICIONAL DE MATERIA--TÉRMINO DE MATERIA
Término de materia o nombre geográfico como elemento de entrada Plata.
9 (RLIN) 136718
650 #4 - PUNTO DE ACCESO ADICIONAL DE MATERIA--TÉRMINO DE MATERIA
Término de materia o nombre geográfico como elemento de entrada Metales preciosos.
9 (RLIN) 159046
852 ## - LOCALIZACIÓN
Ubicación ES-MaACL
Número de control de estantería B-127
Nota libre -- Enc. tela
Holdings
Estatus retirado Estado de pérdida Estado de daño No para préstamo Colección Biblioteca de origen Biblioteca actual Ubicación en estantería Fecha de adquisición Fuente de adquisición Total de préstamos Signatura topográfica completa Código de barras Visto por última vez Precio de reemplazo Tipo de ítem Koha
        Libros del s. XIX Biblioteca del Ateneo de Madrid Biblioteca del Ateneo de Madrid Sala Pardo Bazán 17/01/2008     B-127 1164977 23/02/2023 23/02/2023 Libro impreso antiguo